000 03366cam a2200421 i 4500
001 data
005 20260322212113.0
008 data
035 _a20638519
906 _a7
_bcbc
_ccopycat
_d2
_encip
_f20
_gy-gencatlg
925 0 _aacquire
_b1 shelf copies
_xpolicy default
010 _a 2017278349
020 _a9781682176016
_q(hardcover)
020 _a1682176010
_q(hardcover)
035 _a(OCoLC)1001979662
040 _aDON
_beng
_cDON
_erda
_dDLC
_dVXI
_dOCLCF
_dUAB
_dBTCTA
_dZYU
_dEEK
_dSEO
_dDLC
042 _alccopycat
050 0 0 _aHB615
_b.P756 2017
082 0 4 _a658.421
_223
245 0 0 _aPrinciples of business :
_pEntrepreneurship /
_cThe Editors at Salem Press.
246 3 0 _aEntrepreneurship
250 _a[First edition].
264 1 _aAmenia, NY :
_bGrey House Publishing,
_aAmenia, NY :
_bGrey House Publishing,
_c[2017]
264 4 _c©2017
300 _axvi, 387 pages :
_billustrations ;
_c26 cm.
336 _atext
_btxt
_2rdacontent
337 _aunmediated
_bn
_2rdamedia
338 _avolume
_bnc
_2rdacarrier
490 0 _aPrinciples of business
504 _aIncludes bibliographical references and index.
505 0 _aAuthentic leadership -- Brand management -- Business, ethics, & society -- Business forecasting -- Business planning & entrepreneurship -- Business strategy and policy -- Buyer behavior -- Community reinvestment -- Competitive strategy -- Conflict management -- Consumer & organizational buyer behavior -- Contract theory -- Corporate development: mergers & acquisitions -- Corporate financial management -- Corporate financial strategy -- Corporate leaders as volunteers -- Corporate strategy -- Creativity -- Current issues in entrepreneurship -- Decision making -- Direct e-marketing -- Disruptive innovation -- Entrepreneurial marketing -- Executive compensation -- Executive leadership -- Family business strategy -- Financial management in business -- Financing the corporation -- Forecasting techniques -- Human resources for the emerging firm -- Inclusive leadership -- Information, strategy, & economics -- Innovation leadership -- Intrapreneurship -- Launching new ventures through technology -- Leadership -- Leadership & motivation -- Managerial economics -- Mergers & acquisitions -- Mobile applications & business -- Negotiations -- New product management -- New ventures & the law -- Open innovation -- Organizational life cycle -- Personality traits of entrepreneurs -- Principles of advertising -- Product innovation -- Product life cycle -- Real estate entrepreneurship -- Risk management & insurance -- Servant leadership -- Small business taxation -- Social entrepreneurship -- Social media & businesses -- Stakeholder theory & analysis -- Strategic implementation -- Strategies & practices of family-controlled businesses -- Teams & team building -- Technological innovation -- Technological innovation & entrepreneurs -- Transformational leadership -- Types of business organizations -- Venture capital & entrepreneurial management -- Venture capital & the finance of innovation.
588 _aEdition statement supplied by publisher.
650 0 _aEntrepreneurship.
650 0 _aEntrepreneurship
_xManagement.
650 7 _aEntrepreneurship.
_2fast
_0(OCoLC)fst00912787
710 2 _aSalem Press,
_eeditor.
999 _c1704
_d1704